Statistics for The Final World Football Quiz 1/2 (club)

Click here to take the quiz!

General Stats

  • This quiz has been taken 11 times
    (6 since last reset)
  • The average score is 196 of 470

Answer Stats

HintYearAnswer% Correct
Uefa Super Cup2010Atletico Madrid
100%
Uefa Europa League2009/10Atletico Madrid
100%
Uefa Super Cup2012Atletico Madrid
100%
Uefa Europa League2017/18Atletico Madrid
100%
Uefa Europa League2011/12
Atletico Madrid
100%
Uefa Super Cup2018Atletico Madrid
100%
Uefa Champions League1991/92Barcelona
100%
Uefa Super Cup2009Barcelona
100%
Uefa Champions League2014/15Barcelona
100%
Uefa Super Cup2011Barcelona
100%
Uefa Super Cup2015Barcelona
100%
Uefa Super Cup1992Barcelona
100%
Uefa Super Cup1997Barcelona
100%
FIFA Club World Cup2009Barcelona
100%
Uefa Champions League2005/06Barcelona
100%
Uefa Champions League2010/11Barcelona
100%
FIFA Club World Cup2011Barcelona
100%
FIFA Club World Cup2015Barcelona
100%
Uefa Champions League2008/09Barcelona
100%
FIFA Club World Cup2020Bayern Munich
100%
Uefa Champions League2019/20Bayern Munich
100%
Uefa Super Cup2020Bayern Munich
100%
FIFA Club World Cup2013Bayern Munich
100%
Uefa Champions League2000/01Bayern Munich
100%
Uefa Champions League1975/76Bayern Munich
100%
Uefa Champions League1974/75Bayern Munich
100%
Uefa Super Cup2013Bayern Munich
100%
Uefa Champions League1973/74Bayern Munich
100%
Uefa Champions League2012/13
Bayern Munich
100%
Uefa Europa League1995/96Bayern Munich
100%
Uefa Champions League2020/21Chelsea
100%
Uefa Champions League2011/12Chelsea
100%
Uefa Europa League2018/19Chelsea
100%
Uefa Europa League2012/13
Chelsea
100%
FIFA Club World Cup2021Chelsea
100%
Uefa Super Cup1998Chelsea
100%
Uefa Super Cup2021Chelsea
100%
Uefa Champions League1963/64Inter
100%
Uefa Europa League1997/98Inter
100%
Uefa Europa League1993/94Inter
100%
Uefa Europa League1990/91Inter
100%
Uefa Champions League2009/10Inter
100%
FIFA Club World Cup2010Inter
100%
Uefa Champions League1964/65Inter
100%
Uefa Super Cup2022Real Madrid
100%
Uefa Champions League2021/22Real Madrid
100%
FIFA Club World Cup2018Real Madrid
100%
FIFA Club World Cup2017Real Madrid
100%
FIFA Club World Cup2016Real Madrid
100%
FIFA Club World Cup2014Real Madrid
100%
Uefa Champions League2017/18Real Madrid
100%
Uefa Europa League1984/85Real Madrid
100%
Uefa Super Cup2002Real Madrid
100%
Uefa Europa League1985/86Real Madrid
100%
Uefa Champions League1956/57
Real Madrid
100%
Uefa Super Cup2017Real Madrid
100%
Uefa Super Cup2016Real Madrid
100%
Uefa Super Cup2014Real Madrid
100%
Uefa Champions League2016/17Real Madrid
100%
Uefa Champions League1955/56
Real Madrid
100%
Uefa Champions League2015/16
Real Madrid
100%
Uefa Champions League1959/60Real Madrid
100%
Uefa Champions League1999/00Real Madrid
100%
Uefa Champions League1997/98Real Madrid
100%
Uefa Champions League1957/58Real Madrid
100%
Uefa Champions League2001/02Real Madrid
100%
Uefa Champions League2013/14
Real Madrid
100%
Uefa Champions League1958/59Real Madrid
100%
Uefa Champions League1965/66Real Madrid
100%
Uefa Champions League1994/95Ajax
80%
Uefa Super Cup1973Ajax
80%
Uefa Super Cup1995Ajax
80%
Uefa Champions League1972/73Ajax
80%
Uefa Champions League1971/72Ajax
80%
Uefa Champions League1970/71Ajax
80%
Uefa Europa League1991/92Ajax
80%
Uefa Champions League1981/82Aston Villa
80%
Uefa Super Cup1982Aston Villa
80%
Recopa Sudamericana2005Boca Juniors
80%
Copa Sudamericana2004Boca Juniors
80%
Recopa Sudamericana2006Boca Juniors
80%
Recopa Sudamericana2008Boca Juniors
80%
Copa Libertadores1977Boca Juniors
80%
Copa Libertadores1978Boca Juniors
80%
Recopa Sudamericana1990Boca Juniors
80%
Copa Libertadores2000Boca Juniors
80%
Copa Libertadores2001Boca Juniors
80%
Copa Libertadores2007Boca Juniors
80%
Copa Libertadores2003Boca Juniors
80%
Copa Sudamericana2005Boca Juniors
80%
Uefa Champions League1996/97Borussia Dortmund
80%
Uefa Champions League1966/67Celtic
80%
Uefa Europa League1992/93Juventus
80%
Uefa Europa League1989/90Juventus
80%
Uefa Super Cup1996Juventus
80%
Uefa Champions League1984/85Juventus
80%
Uefa Europa League1976/77Juventus
80%
Uefa Super Cup1984Juventus
80%
Uefa Champions League1995/96Juventus
80%
Uefa Super Cup2001Liverpool
80%
Uefa Champions League1983/84Liverpool
80%
Uefa Champions League1977/78Liverpool
80%
FIFA Club World Cup2019Liverpool
80%
Uefa Champions League1980/81Liverpool
80%
Uefa Europa League1975/76Liverpool
80%
Uefa Europa League1972/73Liverpool
80%
Uefa Super Cup1977Liverpool
80%
Uefa Champions League2004/05Liverpool
80%
Uefa Europa League2000/01Liverpool
80%
Uefa Champions League1976/77Liverpool
80%
Uefa Super Cup2005Liverpool
80%
Uefa Super Cup2019Liverpool
80%
Uefa Champions League2018/19Liverpool
80%
Uefa Super Cup1991Manchester United
80%
FIFA Club World Cup2008Manchester United
80%
Uefa Champions League1998/99Manchester United
80%
Uefa Europa League2016/17Manchester United
80%
Uefa Champions League1967/68Manchester United
80%
Uefa Champions League2007/08Manchester United
80%
Uefa Super Cup2003Milan
80%
Uefa Super Cup2007Milan
80%
Uefa Champions League1988/89Milan
80%
Uefa Super Cup1994Milan
80%
Uefa Champions League1962/63Milan
80%
Uefa Champions League2006/07Milan
80%
Uefa Super Cup1990Milan
80%
Uefa Super Cup1989Milan
80%
Uefa Champions League1989/90Milan
80%
Uefa Champions League1968/69Milan
80%
FIFA Club World Cup2007Milan
80%
Uefa Champions League
2002/03
Milan
80%
Uefa Champions League1993/94Milan
80%
Uefa Champions League1979/80Nottingham Forest
80%
Uefa Champions League1978/79Nottingham Forest
80%
Uefa Super Cup1979Nottingham Forest
80%
Uefa Champions League1986/87Porto
80%
Uefa Champions League2003/04Porto
80%
Uefa Europa League2010/11Porto
80%
Uefa Europa League2002/03Porto
80%
Uefa Super Cup1987Porto
80%
Uefa Champions League1990/91Red Star
80%
Copa Libertadores1986River Plate
80%
Copa Libertadores2018River Plate
80%
Copa Sudamericana2014River Plate
80%
Copa Libertadores1996River Plate
80%
Recopa Sudamericana2016River Plate
80%
Recopa Sudamericana2019River Plate
80%
Copa Libertadores2015River Plate
80%
Recopa Sudamericana2015River Plate
80%
Copa Libertadores1962Santos
80%
Copa Libertadores1963
Santos
80%
Recopa Sudamericana2012Santos
80%
Copa Libertadores2011Santos
80%
Uefa Champions League1960/61Benfica
60%
Uefa Champions League1961/62Benfica
60%
FIFA Club World Cup2000Corinthians
60%
Recopa Sudamericana2013Corinthians
60%
Copa Libertadores2012Corinthians
60%
FIFA Club World Cup2012Corinthians
60%
Copa Libertadores1976Cruzeiro
60%
Copa Libertadores1997Cruzeiro
60%
Recopa Sudamericana1998Cruzeiro
60%
Uefa Champions League1969/70Feyenoord
60%
Uefa Europa League1973/74Feyenoord
60%
Uefa Europa League2001/02Feyenoord
60%
Copa Libertadores2019Flamengo
60%
Copa Libertadores1981Flamengo
60%
Recopa Sudamericana2020Flamengo
60%
Copa Libertadores2017Gremio
60%
Copa Libertadores1983Gremio
60%
Copa Libertadores1995Gremio
60%
Recopa Sudamericana2018Gremio
60%
Recopa Sudamericana1996Gremio
60%
Uefa Super Cup1999Lazio
60%
Uefa Champions League1992/93Marseille
60%
Copa Libertadores2020Palmeiras
60%
Copa Libertadores1999Palmeiras
60%
Copa Libertadores2021Palmeiras
60%
Recopa Sudamericana2022Palmeiras
60%
Uefa Europa League1977/78PSV
60%
Uefa Champions League1987/88PSV
60%
Copa Libertadores1967Racing
60%
CONCACAF Champions League1963Racing
60%
Uefa Conference League2021/22Roma
60%
FIFA Club World Cup2005Sao Paulo
60%
Copa Libertadores1992Sao Paulo
60%
Copa Sudamericana2012Sao Paulo
60%
Recopa Sudamericana1994Sao Paulo
60%
Copa Libertadores2005Sao Paulo
60%
Recopa Sudamericana1993Sao Paulo
60%
Copa Libertadores1993Sao Paulo
60%
Copa Libertadores1998Vasco da Gama
60%
Copa Libertadores1985Argentinos Juniors
40%
Copa Sudamericana2007Arsenal
40%
Copa Libertadores2013Atletico Mineiro
40%
Recopa Sudamericana2014Atletico Mineiro
40%
Recopa Sudamericana2017Atletico Nacional
40%
Copa Libertadores1989Atletico Nacional
40%
Copa Libertadores2016Atletico Nacional
40%
Copa Libertadores1991Colo Colo
40%
Recopa Sudamericana1992Colo Colo
40%
Uefa Europa League2004/05CSKA Moscow
40%
Uefa Super Cup1975Dynamo Kyiv
40%
Uefa Europa League2021/22Eintracht Frankfurt
40%
Uefa Europa League1979/80Eintracht Frankfurt
40%
Copa Libertadores2009Estudiantes
40%
Copa Libertadores1968Estudiantes
40%
Copa Libertadores1969Estudiantes
40%
Copa Libertadores1970Estudiantes
40%
Copa Sudamericana2017Independiente
40%
Copa Sudamericana2010Independiente
40%
Copa Libertadores1972Independiente
40%
Copa Libertadores1964Independiente
40%
Copa Libertadores1984Independiente
40%
Recopa Sudamericana1995Independiente
40%
Copa Libertadores1975Independiente
40%
Copa Libertadores1974Independiente
40%
Copa Libertadores1973Independiente
40%
Copa Libertadores1965Independiente
40%
Copa Libertadores1988Nacional
40%
Copa Libertadores1980Nacional
40%
Recopa Sudamericana1989Nacional
40%
Copa Libertadores1971Nacional
40%
Uefa Europa League1988/89Napoli
40%
CONCACAF Champions League1988Olimpia
40%
CONCACAF Champions League1972Olimpia
40%
Recopa Sudamericana2003Olimpia
40%
Copa Libertadores1979Olimpia
40%
Recopa Sudamericana1991Olimpia
40%
Copa Libertadores1990Olimpia
40%
Copa Libertadores2002Olimpia
40%
Copa Libertadores2004Once Caldas
40%
Uefa Super Cup1993Parma
40%
Uefa Europa League1998/99Parma
40%
Uefa Europa League1994/95Parma
40%
Copa Sudamericana2002San Lorenzo
40%
Copa Libertadores2014San Lorenzo
40%
Uefa Europa League2013/14Sevilla
40%
Uefa Europa League2006/07Sevilla
40%
Uefa Europa League2014/15Sevilla
40%
Uefa Europa League2015/16Sevilla
40%
Uefa Europa League2019/20Sevilla
40%
Uefa Europa League2005/06Sevilla
40%
Uefa Super Cup2006Sevilla
40%
Uefa Europa League1971/72
Tottenham
40%
Uefa Europa League1983/84Tottenham
40%
Recopa Sudamericana1997Velez Sarsfield
40%
Copa Libertadores1994Velez Sarsfield
40%
Uefa Europa League2020/21Villarreal
40%
CAF Champions League2001Al Ahly
20%
CAF Champions League2013
Al Ahly
20%
CAF Champions League1987Al Ahly
20%
CAF Champions League1982Al Ahly
20%
CAF Champions League2008Al Ahly
20%
CAF Champions League2006Al Ahly
20%
CAF Champions League2005
Al Ahly
20%
CAF Champions League2012Al Ahly
20%
AFC Champions League2019Al Hilal
20%
AFC Champions League2021Al Hilal
20%
AFC Champions League1991Al Hilal
20%
AFC Champions League1999/00Al Hilal
20%
CONCACAF Champions League1990America
20%
CONCACAF Champions League2015/16America
20%
CONCACAF Champions League1992America
20%
CONCACAF Champions League1977America
20%
CONCACAF Champions League2006America
20%
CONCACAF Champions League1987America
20%
CONCACAF Champions League2014/15America
20%
Uefa Europa League1982/93Anderlecht
20%
Uefa Super Cup1978Anderlecht
20%
Uefa Super Cup1976Anderlecht
20%
Uefa Europa League1974/75Borussia Monchengladbach
20%
Uefa Europa League1978/79Borussia Monchengladbach
20%
CONCACAF Champions League1997Cruz Azul
20%
CONCACAF Champions League1996Cruz Azul
20%
CONCACAF Champions League2013/14Cruz Azul
20%
CONCACAF Champions League1969Cruz Azul
20%
CONCACAF Champions League1970Cruz Azul
20%
CONCACAF Champions League1971Cruz Azul
20%
Recopa Sudamericana2021Defensa y Justicia
20%
Copa Sudamericana2020Defensa y Justicia
20%
Uefa Europa League1999/00Galatasaray
20%
Uefa Super Cup2000Galatasaray
20%
Uefa Champions League1982/83Hamburger
20%
Copa Libertadores2010Internacional
20%
Copa Libertadores2006Internacional
20%
Recopa Sudamericana2011Internacional
20%
Recopa Sudamericana2007Internacional
20%
Copa Sudamericana2008Internacional
20%
FIFA Club World Cup2006Internacional
20%
Uefa Europa League1980/81Ipswich Town
20%
AFC Champions League2018Kashima Antlers
20%
CONCACAF Champions League2012/13Monterrey
20%
CONCACAF Champions League2010/11Monterrey
20%
CONCACAF Champions League2011/12Monterrey
20%
CONCACAF Champions League2021Monterrey
20%
CONCACAF Champions League2019Monterrey
20%
CONCACAF Champions League1999Necaxa
20%
Copa Sudamericana2006Pachuca
20%
CONCACAF Champions League2009/10Pachuca
20%
CONCACAF Champions League2016/17Pachuca
20%
CONCACAF Champions League2007Pachuca
20%
CONCACAF Champions League2008Pachuca
20%
Copa Libertadores1982Penarol
20%
Copa Libertadores1966Penarol
20%
Copa Libertadores1987Penarol
20%
Copa Libertadores1961Penarol
20%
Copa Libertadores1960Penarol
20%
CAF Champions League1997Raja Casablanca
20%
CAF Champions League1999Raja Casablanca
20%
CAF Champions League1989Raja Casablanca
20%
Uefa Europa League1996/97Schalke 04
20%
CONCACAF Champions League2022Seattle Sounders
20%
Uefa Super Cup1980Valencia
20%
Uefa Super Cup2004Valencia
20%
Uefa Europa League2003/04Valencia
20%
Uefa Super Cup1983Aberdeen
0%
OFC Champions League1987Adelaide City
0%
CONCACAF Champions League1976Aguila
0%
AFC Champions League2002/03Al Ain
0%
CONCACAF Champions League2004Alajuelense
0%
CONCACAF Champions League1986Alajuelense
0%
CAF Champions League2020Al Alhy
0%
CAF Champions League2021Al Alhy
0%
CONCACAF Champions League1967Alianza
0%
AFC Champions League2004Al Ittihad
0%
AFC Champions League2005Al Ittihad
0%
AFC Champions League2011Al Sadd
0%
AFC Champions League1988/89Al Sadd
0%
CAF Champions League1983Asante Kotoko
0%
CAF Champions League1970Asante Kotoko
0%
CAF Champions League1998ASEC Mimosas
0%
Copa Sudamericana2021Athletico Paranaense
0%
Copa Sudamericana2018Athletico Paranaense
0%
CONCACAF Champions League1983Atlante
0%
CONCACAF Champions League2008/09Atlante
0%
CONCACAF Champions League1975Atletico Espanol
0%
OFC Champions League2022Auckland City
0%
OFC Champions League2011/12Auckland City
0%
OFC Champions League2010/11Auckland City
0%
OFC Champions League2013/14Auckland City
0%
OFC Champions League2012/13Auckland City
0%
OFC Champions League2017Auckland City
0%
OFC Champions League2016Auckland City
0%
OFC Champions League2014/15Auckland City
0%
OFC Champions League2008/09Auckland City
0%
OFC Champions League2006Auckland City
0%
Uefa Europa League1987/88Bayer Leverkusen
0%
CAF Champions League1980Canon Yaounde
0%
CAF Champions League1971Canon Yaounde
0%
CAF Champions League1978Canon Yaounde
0%
CAF Champions League1974CARA Brazzaville
0%
CONCACAF Champions League1994Cartagines
0%
Copa Sudamericana2016Chapecoense
0%
Recopa Sudamericana2004Cienciano
0%
Copa Sudamericana2003Cienciano
0%
CAF Champions League1991Club African
0%
AFC Champions League1985/86Daewoo Royals
0%
CONCACAF Champions League1998DC United
0%
CONCACAF Champions League1985Defence Force
0%
CAF Champions League2003Enyimba
0%
CAF Champions League2004Enyimba
0%
CAF Champions League2019Esperance Tunis
0%
CAF Champions League1994Esperance Tunis
0%
CAF Champions League2011Esperance Tunis
0%
CAF Champions League2018
Esperance Tunis
0%
CAF Champions League1988ES Setif
0%
CAF Champions League2014ES Setif
0%
AFC Champions League1990/91Esteghlal
0%
AFC Champions League1970Esteghlal
0%
CAF Champions League2007Etoile du Sahel
0%
CAF Champions League1985FAR Rabat
0%
CONCACAF Champions League1979FAS
0%
AFC Champions League1986Furukawa Electric
0%
AFC Champions League2008Gamba Osaka
0%
CONCACAF Champions League1962Guadalajara
0%
CONCACAF Champions League2018Guadalajara
0%
AFC Champions League2015Guangzhou Evergrande
0%
AFC Champions League2013Guangzhou Evergrande
0%
CAF Champions League1972Hafia
0%
CAF Champions League1975Hafia
0%
CAF Champions League1977Hafia
0%
AFC Champions League1967Hapoel Tel Aviv
0%
CAF Champions League2000
Hearts of Oak
0%
OFC Champions League2009/10Hekari United
0%
OFC Champions League2019Hienghene Sport
0%
Uefa Europa League1981/82IFK Goteborg
0%
Uefa Europa League1986/87IFK Goteborg
0%
AFC Champions League1995Ilhwa Chunma
0%
Copa Sudamericana2019Independiente del Valle
0%
CAF Champions League1969Ismaily
0%
AFC Champions League2016Jeonbuk Hyundai Motors
0%
AFC Champions League2006Jeonbuk Hyundai Motors
0%
CAF Champions League1981JS Kabylie
0%
CAF Champions League1990JS Kabylie
0%
AFC Champions League1998/99Jubilo Iwata
0%
Copa Sudamericana2013Lanus
0%
Recopa Sudamericana2010LDU Quito
0%
Copa Sudamericana2009LDU Quito
0%
Recopa Sudamericana2009LDU Quito
0%
Copa Libertadores2008LDU Quito
0%
AFC Champions League1989/90Liaoning
0%
CONCACAF Champions League2000Los Angeles Galaxy
0%
AFC Champions League1971Maccabi Tel Aviv
0%
AFC Champions League1969Maccabi Tel Aviv
0%
CAF Champions League2016Mamelodi Sundowns
0%
CAF Champions League1976MC Alger
0%
Uefa Super Cup1988Mechelen
0%
CONCACAF Champions League1974Municipal
0%
CAF Champions League1995Orlando Pirates
0%
CAF Champions League1965Oryx Douala
0%
CONCACAF Champions League2002Pachunca
0%
AFC Champions League1992/93PAS Tehran
0%
AFC Champions League1997/98Pohang Steelers
0%
AFC Champions League2009Pohang Steelers
0%
AFC Champions League1996/97Pohang Steelers
0%
CONCACAF Champions League1991Puebla
0%
Copa Sudamericana2015Santa Fe
0%
CONCACAF Champions League1995Saprissa
0%
CONCACAF Champions League1993Saprissa
0%
CONCACAF Champions League2005Saprissa
0%
AFC Champions League2010Seongnam Ilhwa Chunma
0%
Uefa Europa League2008/09Shakhtar Donetsk
0%
OFC Champions League1999South Melbourne
0%
CAF Champions League1966Stade d'Abidjan
0%
Uefa Super Cup1986Steaua Bucaresti
0%
Uefa Champions League1985/86Steaua Bucaresti
0%
AFC Champions League2000/01Suwon Samsung Bluewings
0%
AFC Champions League2001/02Suwon Samsung Bluewings
0%
OFC Champions League2005Sydney FC
0%
OFC Champions League2018
Team Wellington
0%
AFC Champions League1994/95Thai Farmers Bank
0%
AFC Champions League1993/94Thai Farmers Bank
0%
CONCACAF Champions League2020Tigres UANL
0%
CONCACAF Champions League2003Toluca
0%
CONCACAF Champions League1968Toluca
0%
CAF Champions League2015TP Mazembe
0%
CAF Champions League2009TP Mazembe
0%
CAF Champions League2010TP Mazembe
0%
CAF Champions League1968
TP Mazembe
0%
CAF Champions League1967TP Mazembe
0%
CONCACAF Champions League1973Transvaal
0%
CONCACAF Champions League1981Transvaal
0%
CONCACAF Champions League1978UdeG/Comunicaciones/Defence Force
0%
AFC Champions League2020Ulsan Hyundai
0%
AFC Champions League2012Ulsan Hyundai
0%
CONCACAF Champions League1989UNAM
0%
CONCACAF Champions League1980UNAM
0%
CONCACAF Champions League1982UNAM
0%
CAF Champions League1979Union Douala
0%
Copa Sudamericana2011Universidad de Chile
0%
AFC Champions League2017Urawa Red Diamonds
0%
AFC Champions League2007Urawa Red DIamonds
0%
CONCACAF Champions League1984Violette
0%
CAF Champions League1973Vita Club
0%
OFC Champions League2007/08Waitakere United
0%
OFC Champions League2007Waitakere United
0%
AFC Champions League2014Western Sydney Wanderers
0%
OFC Champions League2001Wollongong Wolves
0%
CAF Champions League2017Wydad AC
0%
CAF Champions League2022Wydad AC
0%
CAF Champions League1992Wydad AC
0%
AFC Champions League1987Yomiuri
0%
CAF Champions League1984Zamalek
0%
CAF Champions League1986Zamalek
0%
CAF Champions League1996Zamalek
0%
CAF Champions League2002Zamalek
0%
CAF Champions League1993Zamalek
0%
Uefa Super Cup2008Zenit Saint Petersburg
0%
Uefa Europa League2007/08Zenit Saint Petersburg
0%

Score Distribution

Percentile by Number Answered

Percent of People with Each Score

Your Score History

You have not taken this quiz since the last reset